Statistiques concernant My hero academia: Enigme

Cliquez ici pour prendre le quiz!

Statistiques générales

  • Ce quiz a été pris 680 fois
  • Le résultat moyen est 16 sur 26

Statistiques - réponses

indicelettreréponse% Correct
A est le mentor de LAall might
97%
D est le rival de L et
a combattu G lors du
championnat
DBakugo
84%
L est le rival de DLizuku
83%
G est secrètement
amoureuse de L
GOchaco
80%
B est le collègue de ABAizawa
75%
M est le meilleur ami de DMkirishima
74%
S est arrivé 2ème au
championnat de yueï
Sshoto
73%
U est le délégué de la seconde AUtenya
69%
F est la meilleure amie de G et travaille
en équipe avec H et G pendant l'attaque
des huits préceptes
Ftsuyu
67%
W est le chef d'une organisation dans
laquelle il y a V, Y et Z
Wshigaraki
66%
V est le grand frère de SVdabi
64%
Q a fait des remarques sur la poitrine
de F au SCA
Qmineta
62%
N a organisé le concert des
seconde A au festival
Nkyoka
61%
K est meilleur ami avec H
et E
Kmirio
57%
X est l'assistante de U et la victime
prinicipale de Q
Xmomo
57%
Y a donné un mouchoir a ZYtoga
57%
O est sauvée de T par
L et K
Oeri
56%
C est un héro professionel,
il a accueilli M pour un stage
Cfat gum
55%
T a retenu prisonnière OToverhaul
52%
Z est un subordonné de WZtwice
52%
E est le disciple de CEtamaki
51%
H fait partie d'un trio avec K et EHnejire
49%
J est un camarade de
classe et collègue de B
Jpresent mic
49%
I a défendu M et D pendant le passage
du permis provisoire
Idenki
45%
R a été sauvé par L au camp d'étéRkota
45%
P a aidé N pour un des aspects
du concert
Pmina
36%

Distribution des résultats

Percentile par nombre de réponses

% des personnes avec chaque résultat

Votre développement - résultats

Vous n’avez pas pris ce quiz